000 00441nam a2200157Ia 4500
008 210210b1976 xxu||||| |||| 00| 0 eng d
082 _a547.7 AGAO
100 _aAGARWAL (O P).
245 _aOrganic chemistry:Chemistry of organic natural products. V1.
260 _aMeerut
_bGoel Publishing house
_c1976
300 _aviii,648,vi
440 _a1
650 _aOrganic Natural Products
690 _aOrganic Chemistry
906 _aCC00126
999 _c109360
_d109360